TV Side Characters: 10 to 1 Quiz Stats

 Plays Quiz Updated Aug 26, 2015

Challenge
Share
Tweet
Embed
Score 0/55 Timer 10:00
30 Plays Today
% Correct
Apu Nahasapeemapetilon
89.2%
Barney Gumble
79.3%
Jack Geller
77.7%
Disco Stu
77.1%
Cleveland Brown
73.8%
Glenn Quagmire
72.6%
Gunther
72.4%
Fat Tony
71.5%
Nelson Muntz
67.8%
Nora Tyler Bing
67%
Dr. Richard Burke
66.7%
Selma Bouvier
66.4%
Kent Brockman
65%
Saul Goodman
64.4%
Mayor Adam West
63.6%
Janice Litman Goralnik
62.7%
Penny Mosby
62.5%
James Stinson
62.4%
Troy McClure
62.4%
Dr. Julius Hibbert
62.1%
Leopold 'Butters' Stotch
61.6%
Emily Waltham
60.8%
Creed Bratton
57.9%
Carter Pewterschmidt
57.8%
Joe Swanson
56.7%
Toby Flenderson
56.5%
Stanley Hudson
55.4%
Carol Willick
55.3%
% Correct
Hector Salamanca
54.9%
Oscar Martinez
54.9%
Gustavo Fring
54.6%
Darryl Philbin
53.8%
Estelle Leonard
51.8%
Professor John Frink
50.8%
Mike Hannigan
50.7%
Judy Eriksen
49.2%
Randy Marsh
48.6%
Stella Zinman
45.8%
Merle Dixon
44.1%
Carl MacLaren
43.8%
Robert California
43.6%
Mike Ehrmantraut
43.6%
Ranjit Singh
43.3%
Sandy Rivers
43.2%
Marie Schrader
43.1%
Ben Chang
42.6%
Hershel Greene
41.3%
Dale Horvath
38.9%
Alex 'Star-Burns' Osbourne
38.1%
Gale Boetticher
37.8%
Dean Craig Pelton
36.7%
Arthur Hobbs
33%
Steven Gomez
32.5%
Morgan Jones
23.5%
Martha Louise Hudson
20.3%

You're not logged in!

Compare scores with friends on all Sporcle quizzes.
OR
Log In

You Might Also Like...

Show Comments

Extras

Top Quizzes Today


Score Distribution

Your Account Isn't Verified!

In order to create a playlist on Sporcle, you need to verify the email address you used during registration. Go to your Sporcle Settings to finish the process.

Report this User

Report this user for behavior that violates our Community Guidelines.

Details: